Statistics for The Office (U.S) Last Names Quiz

Click here to take the quiz!

General Stats

  • This quiz has been taken 28 times
  • The average score is 16 of 27

Answer Stats

First NameSurname% Correct
MichaelScott
96%
DwightSchrute
88%
PamBeesly
83%
JimHalpert
83%
TobyFlenderson
79%
AndyBernard
71%
CreedBratton
71%
RobertCalifornia
71%
RyanHoward
71%
KellyKapoor
71%
JanLevinson
71%
AngelaMartin
71%
OscarMartinez
71%
KevinMalone
67%
HollyFlax
63%
StanleyHudson
58%
MeredithPalmer
58%
ErinHannon
54%
DarrylPhilbin
50%
KarenFillipelli
46%
NellieBertram
42%
PhyllisLapin
42%
GabeLewis
42%
JoBennett
38%
RoyAnderson
33%
ClarkGreen
17%
PeteMiller
17%

Score Distribution

Percentile by Number Answered

Percent of People with Each Score

Your Score History

You have not taken this quiz